[Event "Tampere ELO Taraus"]
[Site "Tampere"]
[Date "1998.??.??"]
[Round "1"]
[White "Maki, Veijo"]
[Black "Nokso Koivisto, Antti"]
[Result "1/2-1/2"]
[WhiteElo "2390"]
[BlackElo "2215"]

1.e4 c5 2.Nf3 Nc6 3.Bb5 d6 4.O-O Bd7 5.Re1 Nf6 6.h3 a6 7.Bf1 e5 8.c3 Be7
9.d4 O-O 10.a3 b5 11.b4 cxd4 12.cxd4 exd4 13.Nxd4 h6 14.Bb2 Re8 15.Nd2 Bf8
16.g3 Rc8 17.Bg2 Ne5 18.Qb3 Nc4 19.Nxc4 bxc4 20.Qc3 g6 21.Qd2 Bg7 22.Bc3 Ba4
23.f4 d5 24.e5 Ne4 25.Rxe4 dxe4 26.Bxe4 Qd7 27.Qg2 Rc7 28.Ra2 Rd8 29.Rd2 Qe7
30.Kh2 Be8 31.Bd5 Kh8 32.Qe4 Kh7 33.Nf3 Bb5 34.f5 gxf5 35.Qxf5+ Kg8 36.Bxf7+ Kh8
37.Rxd8+ Qxd8 38.Nh4 Qd3 39.Ng6+ Kh7 40.Nf8+ Kh8 41.Ng6+ Kh7  1/2-1/2

[Event "Tampere ELO Taraus"]
[Site "Tampere"]
[Date "1998.??.??"]
[Round "2"]
[White "Keskisarja, Teemu"]
[Black "Veingold, Aleksandr"]
[Result "1/2-1/2"]
[WhiteElo "2290"]
[BlackElo "2475"]

1.e4 c5 2.Nf3 Nc6 3.Bb5 d6 4.O-O Bd7 5.Re1 Nf6 6.c3 a6 7.Bxc6 Bxc6 8.d4 Bxe4
9.Bg5 Bd5 10.Nbd2 e6 11.c4 Bxf3 12.Qxf3 cxd4 13.Bxf6 gxf6 14.Qxb7 Qc8 15.Qe4 Bg7
16.Qxd4 O-O 17.Qxd6 f5 18.Rab1 Rd8 19.Qf4 Rd4 20.Qe3 Qd8 21.Nf3 Rxc4 22.Rbd1 Qa5
23.Qd3 Rac8 24.b3 Rc2 25.a4 R2c3 26.Qd7 R3c7 27.Qd6 Rb7 28.Rxe6 Rxb3 29.Qxa6 Qxa6
30.Rxa6 Rd3 31.Rb1 Rb3 32.Rd1  1/2-1/2

[Event "Tampere ELO Taraus"]
[Site "Tampere"]
[Date "1998.??.??"]
[Round "4"]
[White "Nyysti, Sampsa"]
[Black "Penttinen, Jarkko"]
[Result "0-1"]
[WhiteElo "2165"]
[BlackElo "2280"]

1.e4 c5 2.Nf3 Nc6 3.Bb5 g6 4.O-O Bg7 5.Re1 Nf6 6.e5 Nd5 7.Nc3 Nc7 8.Bxc6 dxc6
9.Ne4 Ne6 10.d3 O-O 11.Be3 b6 12.a4 Nc7 13.h3 f5 14.exf6 exf6 15.a5 Be6 16.Qd2 Nd5
17.Bh6 Qd7 18.Bxg7 Kxg7 19.axb6 axb6 20.Rxa8 Rxa8 21.c4 Nc7 22.Qc3 Ne8 23.Nfg5 Bf7
24.Nf3 Rd8 25.Re3 h6 26.b4 cxb4 27.Qxb4 Qc7 28.d4 f5 29.Ned2 c5 30.Qc3 cxd4
31.Nxd4 Nf6 32.Re6 Rxd4 33.Rxf6 Qe5 34.Rxb6 Qe1+ 35.Kh2 Qxd2 36.Qa1 Kh7 37.Rb7 Rd7  0-1

[Event "Tampere ELO Taraus"]
[Site "Tampere"]
[Date "1998.??.??"]
[Round "6"]
[White "Kiik, Kalle"]
[Black "Agopov, Mikael"]
[Result "1-0"]
[WhiteElo "2445"]
[BlackElo "2330"]

1.e4 c5 2.Nf3 Nc6 3.Bb5 e6 4.O-O Nge7 5.Nc3 a6 6.Bxc6 Nxc6 7.d4 cxd4 8.Nxd4 d6
9.Nxc6 bxc6 10.Qg4 Qf6 11.Bg5 Qg6 12.e5 d5 13.Qa4 Bd7 14.Bh4 f6 15.Qb3 Qg4
16.Qb7 Rd8 17.Bg3 h5 18.h3 Qc4 19.exf6 gxf6 20.Rfe1 Bc5 21.Rad1 Rg8 22.Rd3 Ke7
23.a3 Bd4 24.Qc7 e5 25.b3 Qc5 26.Na4 Qa7 27.Bxe5 Bxf2+ 28.Kf1 Qxc7 29.Bxc7+ Bxe1
30.Re3+ Kf8 31.Bxd8 Bh4 32.Nc5 Bf5 33.Rf3 Kf7 34.Rxf5 Rxd8 35.Rxh5 Bg3 36.Rf5 Re8
37.Nd3 Re4 38.Rf3 Bd6 39.a4 c5 40.Nf2 Rb4 41.Ng4 Be7 42.Ne5+ Ke6 43.Nc6 Re4
44.Nxe7 Kxe7 45.Kf2 Rb4 46.Ke2 Ke6 47.g3 a5 48.Rf4 Rb8 49.h4 f5 50.Kf3 Rh8
51.g4 fxg4+ 52.Rxg4 Ke5 53.Ke3 Ke6 54.Rg6+ Kd7 55.Rg4 Ke6 56.Kf4 Rf8+ 57.Kg3 Rf1
58.h5 Rg1+ 59.Kf4 Rc1 60.Rg2 Rh1 61.Kg5 Kf7 62.h6 Rf1 63.Re2 c4 64.bxc4 dxc4
65.Re4 Kg8 66.Rxc4 Ra1 67.Kg6 Rg1+ 68.Kf6 Rh1 69.Rc8+ Kh7 70.Rc5 Rxh6+ 71.Ke5 Ra6
72.Kd5 Kg7 73.Rc7+ Kf8 74.c4 Ke8 75.Kc5 Kd8 76.Rc6 Ra7 77.Kb6 Rh7 78.Kxa5 Rh1  1-0

[Event "Tatry op"]
[Site "Tatranska Lomnica"]
[Date "1998.??.??"]
[Round "9"]
[White "Ptacnik, Stanislav"]
[Black "Berezjuk, Sergej"]
[Result "1/2-1/2"]
[WhiteElo "2165"]
[BlackElo "2410"]

1.e4 c5 2.Nf3 Nc6 3.Bb5 g6 4.Bxc6 dxc6 5.h3 e5 6.Na3 f6 7.O-O Nh6 8.d3 Nf7
9.Nh2 Bd6 10.Nc4 Bc7 11.Kh1 Be6 12.Ne3 Qe7 13.Bd2 Rd8 14.Qe1 O-O 15.f3 Nd6
16.Neg4 Nb5 17.f4 Bxg4 18.Nxg4 Nd4 19.Rc1 exf4 20.Bxf4 Bxf4 21.Rxf4 f5 22.exf5 Qxe1+
23.Rxe1 Nxf5 24.Kh2 Kg7 25.Rc4 b6 26.Rce4 h5 27.Ne3 Nd6 28.Re7+ Rf7 29.Nc4 Nxc4
30.dxc4 Rd4 31.R7e6 Rf2 32.R1e2 Rxe2 33.Rxe2 Rxc4 34.Kg3 h4+ 35.Kf3 Kf6 36.c3 b5
37.Re4 Rxe4 38.Kxe4 c4 39.a3 g5 40.Ke3 Kf5 41.Kf3 a5 42.Ke3 g4 43.hxg4+ Kxg4
44.Kf2 Kf4 45.Ke2 c5 46.Kf2 Kg4 47.Ke2 Kg3 48.Kf1 b4 49.Kg1 h3 50.gxh3 Kxh3
51.Kf2 Kh2  1/2-1/2

[Event "Techirghiol op-A"]
[Site "Techirghiol"]
[Date "1998.??.??"]
[Round "?"]
[White "Nanu, Ciprian"]
[Black "Tufa, Mihai"]
[Result "1-0"]
[WhiteElo "2325"]
[BlackElo "2220"]

1.e4 c5 2.Nf3 Nc6 3.Bb5 e6 4.O-O Nge7 5.Re1 a6 6.Bxc6 Nxc6 7.d4 cxd4 8.Nxd4 Be7
9.Nxc6 dxc6 10.Qg4 g6 11.Bh6 Bf8 12.Bxf8 Rxf8 13.e5 b6 14.Nc3 f5 15.exf6 Qxf6
16.Ne4 Qf4 17.Qh3 h5 18.Rad1 Bd7 19.Qb3 Qc7 20.Nd6+ Ke7 21.Qg3 Rf6 22.Nf5+ Kd8
23.Qg5 gxf5 24.Qxf6+ Kc8 25.Qe7 a5 26.Rd6 Qd8 27.Qg7 Qe8 28.Red1 Ra7 29.f4 Rc7
30.Kf2 Rb7 31.Kg3 Rc7 32.Rxd7 Rxd7 33.Rxd7 Qxd7 34.Qxd7+ Kxd7 35.Kh4 Ke7
36.Kxh5 Kf6 37.c4 a4 38.a3 c5 39.h4 e5 40.fxe5+ Kxe5 41.Kg6 Kd4 42.h5 Kxc4
43.h6 Kb3 44.h7 Kxb2 45.h8=Q+ Kxa3 46.Qa1+  1-0

[Event "Techirghiol op-A"]
[Site "Techirghiol"]
[Date "1998.??.??"]
[Round "?"]
[White "Nanu, Ciprian"]
[Black "Fulop, Francisc"]
[Result "1-0"]
[WhiteElo "2325"]
[BlackElo "2140"]

1.e4 c5 2.Nf3 Nc6 3.Bb5 g6 4.O-O Bg7 5.Re1 e5 6.Bxc6 dxc6 7.d3 Ne7 8.a4 O-O
9.Be3 b6 10.a5 Ba6 11.Nbd2 Qc7 12.Qc1 h6 13.Nc4 Kh7 14.Rb1 Bxc4 15.dxc4 f5
16.Bd2 f4 17.Qd1 g5 18.h4 g4 19.Nh2 h5 20.Qe2 Ng6 21.g3 Bh6 22.Rbd1 Rf7 23.Bc3 Raf8
24.Rd3 Qe7 25.Red1 fxg3 26.fxg3 Nxh4 27.gxh4 Bf4 28.Be1 g3 29.Qxh5+ Kg8 30.Nf3 g2
31.Rd6 Be3+ 32.Kxg2 Rg7+ 33.Rg6 Rf7 34.Rd3 Rxg6+ 35.Qxg6+ Rg7 36.Qxg7+ Qxg7+
37.Ng5 Bxg5 38.hxg5 Qg6 39.Re3 Kf7 40.Bh4 Qe6 41.axb6 axb6 42.b3 Qg4+ 43.Bg3 Qxg5
44.Kf2 Ke6 45.Ke2 Qd8 46.Be1 Qa8 47.Bc3 Qa2 48.Kd2 b5 49.cxb5 cxb5 50.Rh3 Qa8
51.Rh6+ Kf7 52.Ke3 Qa2 53.Rh2 Ke6 54.Rh6+ Kf7 55.Kd2 c4 56.b4 Qa8 57.Rh5 Qxe4
58.Rxe5 Qf4+ 59.Re3 Kg6 60.Be5 Qf8 61.c3 Qa8 62.Re2 Kf5 63.Bd4 Kf4 64.Rf2+ Ke4
65.Re2+ Kf3 66.Re3+ Kf4 67.Re5 Qa2+ 68.Ke1 Qb1+ 69.Kf2 Qc2+ 70.Re2 Qd3 71.Be3+ Kg4
72.Bd4 Qg3+ 73.Kf1 Qd3 74.Kf2 Qg3+ 75.Kf1 Qd3 76.Ke1 Kf3 77.Rf2+ Ke4 78.Re2+ Kf3
79.Rf2+ Ke4 80.Rf6 Qc2 81.Kf1 Qa2 82.Rf2 Qa8 83.Kg2 Qg8+ 84.Kf1 Qa8 85.Re2+ Kd3
86.Re3+ Kd2 87.Kf2 Qf8+ 88.Rf3 Qa8 89.Kg3 Qg8+ 90.Kf4 Qe8 91.Rf2+ Kd3 92.Kf5 Qe4+
93.Kf6 Qe8 94.Rf3+ Kc2 95.Rf5 Qc6+ 96.Ke7 Qc7+ 97.Ke6 Qc6+ 98.Ke5 Qc7+ 99.Ke4 Qc6+
100.Ke3 Qe8+ 101.Re5 Qd7 102.Ke4 Qc6+ 103.Rd5 Qg6+ 104.Ke5 Qc6 105.Rd6 Qb7
106.Rb6 Qd7 107.Rd6 Qb7 108.Ke6 Kb3 109.Rd7 Qe4+ 110.Kd6 Qa8 111.Ra7 Qc8
112.Ra5  1-0

[Event "Techirghiol op-A"]
[Site "Techirghiol"]
[Date "1998.??.??"]
[Round "?"]
[White "Nagaev, Serghey"]
[Black "Tufa, Mihai"]
[Result "1/2-1/2"]
[WhiteElo "1750"]
[BlackElo "2220"]

1.e4 c5 2.Nf3 Nc6 3.Bb5 e6 4.O-O a6 5.Bxc6 bxc6 6.e5 f6 7.d4 cxd4 8.Qxd4 fxe5
9.Nxe5 Qc7 10.Bf4 d6 11.Nc4 e5 12.Nxe5 dxe5 13.Bxe5 Qd7 14.Qc3 Kf7 15.Nd2 Nf6
16.Bxf6 gxf6 17.Ne4 Be7 18.Rad1 Qc7 19.Rd6 Be6 20.Rxc6 Qe5 21.Qxe5 fxe5 22.f4 Bd5
23.fxe5+ Ke8 24.Nf6+ Bxf6 25.Rcxf6 Ke7 26.b3 Rhg8 27.g3 Rg5 28.c4 Bg8 29.R1f5 Rxf5
30.Rxf5 a5 31.Rf6 a4 32.Rb6 axb3 33.axb3 Ra2 34.c5 Bd5 35.b4 Rg2+ 36.Kf1 Rxh2
37.c6 Rc2 38.b5 Ke6 39.Rb7 h5 40.Rh7 Bf3 41.c7 Kxe5 42.b6 Kd4 43.Rh8 Bb7
44.Rb8 Ba6+ 45.Kg1 Ke3 46.b7 Bxb7 47.Rxb7 Kf3 48.Rb3+ Kg4 49.Rb2  1/2-1/2

[Event "ROM-chT"]
[Site "Timisu de Sus"]
[Date "1998.??.??"]
[Round "2"]
[White "Kovalevskaya, Ekaterina"]
[Black "Velcheva, Maria"]
[Result "1-0"]
[WhiteElo "2480"]
[BlackElo "2330"]

1.e4 c5 2.Nf3 Nc6 3.Bb5 g6 4.O-O Bg7 5.c3 Nf6 6.Re1 O-O 7.h3 Qb6 8.Na3 d6
9.Bf1 e5 10.d4 Rd8 11.d5 Ne7 12.Nc4 Qc7 13.a4 b6 14.Nh2 Qd7 15.f4 Ne8 16.Nf3 Qc7
17.Qb3 h6 18.a5 bxa5 19.fxe5 dxe5 20.Rxa5 Nd6 21.Qa3 Nxc4 22.Bxc4 g5 23.Be3 Ng6
24.Qxc5 Qb7 25.b4 Bf8 26.Qc6 a6 27.Rea1  1-0

[Event "ROM-chT"]
[Site "Timisu de Sus"]
[Date "1998.??.??"]
[Round "5"]
[White "Kovalevskaya, Ekaterina"]
[Black "Zatonskih, Anna"]
[Result "1/2-1/2"]
[WhiteElo "2480"]
[BlackElo "2320"]

1.e4 c5 2.Nf3 Nc6 3.Bb5 d6 4.O-O Bd7 5.c3 Nf6 6.Re1 a6 7.Bf1 Bg4 8.h3 Bh5
9.d3 e6 10.Nbd2 Be7 11.g4 Bg6 12.Nh4 Nd7 13.Nxg6 hxg6 14.Bg2 e5 15.Nc4 Nf8
16.Ne3 Ne6 17.Nd5 Bg5 18.Be3 Kf8 19.Qd2 Bxe3 20.fxe3 Ng5 21.Rf1 Ne7 22.Kh2 Nxd5
23.exd5 Qd7 24.Kg3 Nh7 25.Rf2 Kg8 26.e4 Nf6 27.Bf3 Qe7 28.Rh1 g5 29.Bg2 Nd7
30.Bf3 Nf8 31.Rhf1  1/2-1/2

[Event "Trinec op9798"]
[Site "Trinec"]
[Date "1998.??.??"]
[Round "?"]
[White "Velicka, Petr"]
[Black "Novak, Pavel"]
[Result "1-0"]
[WhiteElo "2410"]
[BlackElo "2215"]

1.e4 c5 2.Nf3 Nc6 3.Bb5 g6 4.Bxc6 bxc6 5.O-O Bg7 6.Re1 e5 7.c3 Ne7 8.d4 cxd4
9.cxd4 exd4 10.Nxd4 O-O 11.Nc3 Rb8 12.e5 Qa5 13.Nb3 Qc7 14.Bg5 Nf5 15.Rc1 Bxe5
16.Nd5 Qd6 17.Rxe5 Qxe5 18.Nf6+ Kh8 19.Ng4 Qd5 20.Qc2 Ng7 21.Bf6 Qh5 22.Qc3 Rg8
23.Ne5 Rf8 24.Nxc6 dxc6 25.Bxg7+ Kg8 26.Bxf8 Kxf8 27.Re1  1-0

[Event "Trinec op9798"]
[Site "Trinec"]
[Date "1998.??.??"]
[Round "?"]
[White "Oral, Tomas"]
[Black "Staszko, Martin"]
[Result "1-0"]
[WhiteElo "2435"]
[BlackElo "2075"]

1.e4 c5 2.Nf3 Nc6 3.Bb5 g6 4.O-O Bg7 5.c3 e5 6.d4 cxd4 7.cxd4 Nxd4 8.Nxd4 exd4
9.Na3 Ne7 10.Bg5 O-O 11.f4 d6 12.f5 f6 13.Qxd4 Nxf5 14.exf5 fxg5 15.Qd5+ Kh8
16.fxg6 hxg6 17.Bd3 Bf5 18.Nc4 Qf6 19.Bxf5 Qd4+ 20.Qxd4 Bxd4+ 21.Kh1 Rxf5
22.Rxf5 gxf5 23.Rd1 Be5 24.Nxd6 Bxd6 25.Rxd6 Rc8 26.h3 Rc2 27.Rd8+ Kg7 28.Rd7+ Kf6
29.Rxb7 Ke5 30.a3 Kf4 31.Kh2 a5 32.b3 Ke4 33.Rb5 Rc3 34.Kg1 Rc1+ 35.Kh2 Rc3
36.a4 Rd3 37.Rxa5 Rxb3 38.Rb5 Ra3 39.a5 Kf4 40.Kg1 Ke4 41.Kf2 Ra2+ 42.Ke1 Rxg2
43.Rb4+ Ke3 44.Rb3+ Ke4 45.Ra3 Rg1+ 46.Kf2 Rc1 47.a6 Rc2+ 48.Kg3 Rc8 49.a7 Ra8
50.Ra5 f4+ 51.Kf2 Kd4 52.Kf3 Kd3 53.Rd5+ Kc4 54.Rd7 Kc5 55.Kg4 Kc6 56.Rg7 Rf8
57.Kxg5 f3 58.Rf7 Rg8+ 59.Kf4 f2 60.Ke3 f1=Q 61.Rxf1 Kb7 62.Ra1 Ka8 63.Kf3 Rf8+
64.Kg3 Rg8+ 65.Kh2 Rh8 66.Ra4  1-0

[Event "POL-ch U20"]
[Site "Trzebinia"]
[Date "1998.??.??"]
[Round "7"]
[White "Owczarzak, Jerzy"]
[Black "Pinski, Jan"]
[Result "0-1"]
[WhiteElo "2210"]
[BlackElo "2330"]

1.e4 c5 2.Nf3 Nc6 3.Bb5 e6 4.Bxc6 bxc6 5.c4 d6 6.e5 dxe5 7.Nxe5 Qg5 8.Ng4 h5
9.Ne3 Bd6 10.d4 cxd4 11.Qxd4 Qe5 12.Qxe5 Bxe5 13.Nd2 Nf6 14.Nf3 Bd6 15.b3 Bb7
16.Bb2 c5 17.Ne5 Ng4 18.N5xg4 hxg4 19.Bxg7 Rg8 20.Bc3 f5 21.O-O-O O-O-O 22.Rhe1 Rg6
23.Rd2 f4 24.Nd1 Bxg2 25.Be5 Bc7 26.Nc3 Rxd2 27.Kxd2 Kd7 28.Na4 Bd6 29.Kc3 Rg5
30.Bxd6 Kxd6 31.Rd1+ Kc7 32.b4 cxb4+ 33.Kxb4 a5+ 34.Kb3 Rh5 35.Re1 Rh3+ 36.Nc3 Kd6
37.c5+ Kxc5 38.Rc1 Bd5+ 39.Ka4 Rxh2 40.Ne2+ Kb6 41.Rb1+ Ka6 42.Nxf4 Bc4 43.Rc1 g3
44.Rxc4 gxf2 45.Rc6+ Kb7 46.Rc1 Rh4 47.Rf1 Rxf4+ 48.Kb3 Kc6 49.Kc3 Kd5 50.Kd3 Rf3+
51.Ke2 Ke4 52.a3 Re3+  0-1

[Event "RUS-ch sf"]
[Site "Tula"]
[Date "1998.??.??"]
[Round "5"]
[White "Kolybin, Alexei V"]
[Black "Selin, O."]
[Result "1/2-1/2"]
[WhiteElo "2360"]
[BlackElo "2245"]

1.e4 c5 2.Nf3 Nc6 3.Bb5 e6 4.O-O Nge7 5.c3 a6 6.Ba4 b5 7.Bc2 Bb7 8.d4 cxd4
9.Nxd4 Ng6 10.Be3 Be7 11.Nd2 O-O 12.f4 Qc7 13.N2b3 Nxd4 14.Nxd4 Bc5 15.Qd2 e5
16.fxe5 Qxe5 17.Rf5 Qe7 18.Rxc5 Qxc5 19.Ne6 Qe7 20.Nxf8 Rxf8 21.Re1 Re8 22.Bd4 d6
23.Re3 Qh4 24.Rh3 Qe7 25.Re3 Qh4 26.Rh3 Qe7 27.Re3  1/2-1/2

[Event "JUG Cup"]
[Site "Ulcinj"]
[Date "1998.??.??"]
[Round "1"]
[White "Milovanovic, Rade"]
[Black "Komarov, Dimitri"]
[Result "0-1"]
[WhiteElo "2430"]
[BlackElo "2580"]

1.e4 c5 2.Nf3 Nc6 3.Bb5 e6 4.Bxc6 bxc6 5.d3 Ne7 6.O-O Ng6 7.e5 f6 8.exf6 gxf6
9.Nc3 d5 10.Na4 Bd6 11.Be3 Qe7 12.Qe1 Rb8 13.c4 d4 14.Bh6 Rg8 15.g3 Qf7 16.Qa5 Ne7
17.Nxc5 Qh5 18.Nb7 Qxa5 19.Nxa5 e5 20.Nb3 Bf5 21.Rad1 Bg4 22.Kg2 c5 23.h3 Bd7
24.Kh2 Bc6 25.Nh4 f5 26.Rde1 Kd7 27.Bc1 e4 28.Bf4 Bxf4 29.gxf4 Kd6 30.Re2 Rbf8
31.Nc1 Rf6 32.Rg1 Rxg1 33.Kxg1 Rh6 34.Nxf5+ Nxf5 35.dxe4 Rxh3 36.Kg2 Rh6
37.Nd3 Re6 38.Ne5 Rxe5 39.fxe5+ Kxe5 40.f3 Kf4 41.Kf2 Nh4 42.e5 Bxf3 43.Rd2 Be4
44.e6 Nf5 45.a3 Ke5 46.b4 Kxe6 47.bxc5 Kd7 48.Re2 d3 49.Rb2 Kc6 50.Rb8 Kxc5
51.Rh8 Nd6 52.Ke3 Bg6 53.Ra8 Nxc4+ 54.Kf2 d2  0-1

[Event "JUG Cup"]
[Site "Ulcinj"]
[Date "1998.??.??"]
[Round "2"]
[White "Milovanovic, Rade"]
[Black "Ivanovic, Bozidar"]
[Result "0-1"]
[WhiteElo "2430"]
[BlackElo "2515"]

1.e4 c5 2.Nf3 Nc6 3.Bb5 g6 4.Bxc6 bxc6 5.O-O Bg7 6.Re1 f6 7.c3 Nh6 8.d4 cxd4
9.cxd4 O-O 10.Nc3 Rb8 11.b3 d6 12.h3 Nf7 13.Be3 g5 14.Nd2 d5 15.Nf1 dxe4
16.Nxe4 h6 17.Neg3 f5 18.Nh5 f4 19.Nxg7 fxe3 20.Nh5 exf2+ 21.Kxf2 g4 22.Kg1 gxh3
23.Qd3 Kh8 24.d5 e5 25.Nfg3 Qxd5 26.Qc2 Qxg2+ 27.Qxg2 hxg2 28.Kxg2 Be6 29.Ne4 Bd5
30.Nf6 Rb4 31.Nxd5 cxd5 32.Nf6 Ng5 33.Rf1 d4 34.Rad1 Rb7 35.Ng4 Rxf1 36.Rxf1 e4
37.Nxh6 e3 38.Nf5 Rd7 39.Rh1+ Kg8 40.Rh5 Ne6 41.Kf3 Rf7 42.Kg3 e2 43.Kf2 Ng7  0-1

[Event "Vienna op 13th"]
[Site "Vienna"]
[Date "1998.??.??"]
[Round "?"]
[White "Staudner, Oliver"]
[Black "Prochnow, Mario"]
[Result "1-0"]
[WhiteElo "2350"]
[BlackElo "2225"]

1.e4 c5 2.Nf3 Nc6 3.Bb5 g6 4.Bxc6 dxc6 5.d3 Bg7 6.Nc3 c4 7.d4 Nf6 8.h3 Nd7
9.Bf4 Qa5 10.Qd2 f5 11.exf5 Qxf5 12.O-O O-O 13.Bh6 Bxh6 14.Qxh6 Qh5 15.Qxh5 gxh5
16.Rfe1 Rf7 17.Ne5 Nxe5 18.Rxe5 Bf5 19.Ne4 Rd8 20.Ng5 Rf6 21.Rxe7 Rxd4 22.Rxb7 Bxc2
23.Rxa7 Rd2 24.Nf3 Re2 25.Re1 Rfe6 26.Rc1 c5 27.Rc7 Bd3 28.b3 Rxa2 29.bxc4 Ree2
30.Rxc5 Rxf2 31.Rg5+ Kf8 32.Ne5 Be4 33.Rf1 Rxf1+ 34.Kxf1 Ke7 35.Nf3 Bxf3
36.gxf3 Rc2 37.Rxh5 Rxc4 38.Rxh7+ Kf6 39.Kg2 Kf5 40.Rh5+ Kg6 41.Rd5 Ra4 42.Kg3 Ra1
43.h4 Rh1 44.Kg4 Rg1+ 45.Kf4 Re1 46.Rg5+ Kf6 47.h5 Rh1 48.Rg6+ Kf7 49.Kg5 Rg1+
50.Kf5 Rh1 51.Rf6+ Ke7 52.Rh6 Kf7 53.Rh7+ Kg8 54.Rc7 Kf8 55.Kg6 Rg1+ 56.Kf6 Kg8
57.f4 Rh1 58.f5 Rh2 59.Rg7+ Kf8 60.Rg5 Ra2 61.Kg6 Kg8 62.h6 Rh2 63.f6 Rh1
64.f7+ Kf8 65.h7  1-0

[Event "Vienna op 13th"]
[Site "Vienna"]
[Date "1998.??.??"]
[Round "?"]
[White "Dueckstein, Andreas"]
[Black "Wells, Peter K"]
[Result "0-1"]
[WhiteElo "2360"]
[BlackElo "2530"]

1.e4 c5 2.Nf3 Nc6 3.Bb5 g6 4.c3 Nf6 5.Qe2 Bg7 6.O-O O-O 7.Rd1 e5 8.Bxc6 dxc6
9.Nxe5 Re8 10.d4 cxd4 11.cxd4 Nxe4 12.Be3 Qe7 13.Nf3 Bg4 14.h3 Ng3 15.fxg3 Bxf3
16.gxf3 Qxe3+ 17.Qxe3 Rxe3 18.Kf2 Re7 19.Nc3 Rd8  0-1

[Event "Vienna op 13th"]
[Site "Vienna"]
[Date "1998.??.??"]
[Round "?"]
[White "Schwab, Rene"]
[Black "Stanec, Nikolaus"]
[Result "0-1"]
[WhiteElo "2290"]
[BlackElo "2485"]

1.e4 c5 2.Nf3 Nc6 3.Bb5 e6 4.O-O Nge7 5.b3 a6 6.Bxc6 Nxc6 7.Bb2 d6 8.d4 cxd4
9.Nxd4 Bd7 10.Nxc6 Bxc6 11.Nd2 Qh4 12.c4 h5 13.Re1 Qg4 14.Re3 Qxd1+ 15.Rxd1 h4
16.Nf3 Rh5 17.Nd4 Bd7 18.Ba3 Ra5 19.Nc2 Bc6 20.f3 Be7 21.Bxd6 Bxd6 22.Rxd6 Rxa2
23.Nb4 Ra1+ 24.Kf2 Ke7 25.e5 Be8 26.Rb6 Ra7 27.Re4 a5 28.Nd3 h3 29.gxh3 Bc6
30.Rg4 g6 31.Rd4 Rh1 32.Ke3 Rxh2 33.Nf2 a4 34.bxa4 Rxa4 35.h4 Ra2 36.Ng4 Ra3+
37.Rd3 Rxd3+ 38.Kxd3 Rxh4 39.Nf6 Rf4 40.Ke2 Rxc4 41.Rb2 Rf4 42.Rd2 Rxf3  0-1

[Event "Donau op"]
[Site "Vienna"]
[Date "1998.??.??"]
[Round "2"]
[White "Hangweyrer, Manfred"]
[Black "Todor, Razvan"]
[Result "1-0"]
[WhiteElo "2385"]
[BlackElo "2160"]

1.e4 c5 2.Nf3 Nc6 3.Bb5 g6 4.O-O Bg7 5.c3 e5 6.d4 cxd4 7.cxd4 exd4 8.Bf4 Nge7
9.Bd6 O-O 10.Nbd2 Re8 11.Bc4 Na5 12.Bd3 b6 13.Rc1 Nec6 14.a3 Nb7 15.Bg3 Nc5
16.Bc4 Bb7 17.b4 Nxe4 18.Qb3 Nxg3 19.Bxf7+ Kh8 20.hxg3 Rf8 21.Bd5 Rb8 22.Ne4 Ne7
23.Bxb7 Rxb7 24.Nd6 Qb8 25.Nf7+ Kg8 26.Nd6+ Kh8 27.Nxb7 Qxb7 28.Rfe1 Nf5
29.Ng5 Nd6 30.Re7 h6 31.Ne6 Nf5 32.Rxg7  1-0

[Event "Wattens op 13th"]
[Site "Wattens"]
[Date "1998.??.??"]
[Round "5"]
[White "Berezjuk, Sergej"]
[Black "Schmittdiel, Eckhard"]
[Result "1/2-1/2"]
[WhiteElo "2410"]
[BlackElo "2470"]

1.e4 c5 2.Nf3 Nc6 3.Bb5 g6 4.Bxc6 dxc6 5.h3 e5 6.d3 f6 7.a4 Be6 8.Be3 Nh6
9.Qd2 Nf7 10.a5 Bd6 11.Qc3 Qe7 12.Nbd2 Rb8 13.Nc4 Bc7 14.O-O O-O 15.Rfb1 b5
16.axb6 axb6 17.b4 cxb4 18.Rxb4 c5 19.Rbb1 Rfc8 20.Na3 Nd6 21.Nb5 Nxb5 22.Rxb5 Ra8
23.Rbb1 Qd7 24.Rxa8 Rxa8 25.Ra1 Ra4 26.Ra3 Bd6 27.Nd2 Qa7 28.Nc4 Rxa3 29.Qxa3 Qxa3
30.Nxa3 Kf7 31.c4 f5 32.f3 Bd7 33.Kf1 f4 34.Bf2 g5 35.Ke2 h5 36.Nb1 Be7 37.Nc3 Bd8
38.Nd5 Ke6 39.Kf1 Kd6 40.Nc3 Bf6 41.Kg1 Bd8 42.Kh2 Bc8 43.Kg1 Ba6 44.Kf1 Kc6
45.Ke2 Bc8 46.Kd2 Kd6 47.Kc2 Bd7 48.Nd5 Ba4+ 49.Kb2 Bd7 50.Kb3 Bc8 51.Nc3 Bd7
52.Nb5+ Kc6 53.Nc3 Kd6 54.Be1 Bc6 55.Nd5 b5 56.Nc3 b4 57.Na4 Bxa4+ 58.Kxa4 Kc6
59.g4 fxg3 60.Bxg3 Bc7 61.Kb3 Bd6 62.Bh2 Kd7 63.Bg3 Ke6 64.Be1 Kd7 65.Bd2 Be7
66.Bc1 Kc6 67.Ka4 Bd8 68.Be3 Kb6 69.Bg1 Kc6 70.Bh2 Bc7 71.Bg3 Bd6 72.Bh2 Kd7
73.Bg3 Kc6  1/2-1/2

[Event "Wattens op 13th"]
[Site "Wattens"]
[Date "1998.??.??"]
[Round "7"]
[White "Pilz, Dieter"]
[Black "Teske, Henrik"]
[Result "0-1"]
[WhiteElo "2260"]
[BlackElo "2510"]

1.e4 c5 2.Nf3 Nc6 3.Bb5 e6 4.Bxc6 bxc6 5.O-O f6 6.Re1 Nh6 7.d4 Nf7 8.d5 cxd5
9.exd5 e5 10.c4 d6 11.b4 cxb4 12.Nd4 Qc7 13.Qa4+ Bd7 14.Qxb4 Rb8 15.Qc3 Be7
16.Nb3 O-O 17.Ba3 f5 18.N1d2 e4 19.f4 Bf6 20.Qe3 Rfc8 21.Rab1 a5 22.Kh1 Rb6
23.Rbc1 a4 24.c5 Rbb8 25.cxd6 Qd8 26.Nc5 Nxd6 27.Nxd7 Qxd7 28.g4 fxg4 29.Rxc8+ Rxc8
30.Nxe4 Nc4 31.Qd3 Nxa3 32.Qxa3 Qxd5 33.Qxa4 h5 34.Rd1 Qc4 35.Qb3 Kh7 36.Qb1 Qc6
37.Kg1 Kh6 38.Rd6 Qc1+ 39.Qxc1 Rxc1+ 40.Kg2 Kg6 41.Rd2 Kf5 42.Ng3+ Kg6 43.Ne2 Rc5
44.h3 gxh3+ 45.Kxh3 Ra5 46.Kg2 Kf5 47.Rc2 Kg4 48.Rd2 Ra3 49.Rc2 h4 50.Rd2 Rf3
51.Rc2 Rd3 52.Kh2 h3 53.Nc1 Rf3 54.a4 Bh4 55.Ne2 Rf2+ 56.Kh1 Rf1+ 57.Kh2 Rf2+
58.Kh1 Bg3 59.a5 h2  0-1

[Event "Wattens op 13th"]
[Site "Wattens"]
[Date "1998.??.??"]
[Round "8"]
[White "Berezjuk, Sergej"]
[Black "Fuerlinger, Harald"]
[Result "1/2-1/2"]
[WhiteElo "2410"]
[BlackElo "2150"]

1.e4 c5 2.Nf3 Nc6 3.Bb5 e6 4.Bxc6 bxc6 5.O-O f6 6.Nh4 Nh6 7.d3 Nf7 8.f4 Be7
9.c4 d5 10.Qe2 f5 11.Nf3 fxe4 12.dxe4 d4 13.Ne1 O-O 14.Nd3 e5 15.f5 a5 16.Na3 Bd6
17.Bd2 Qh4 18.Be1 Qh6 19.Bd2 Qh4 20.Kh1 Nh6 21.Bxh6 Qxh6 22.Rf3 Bxf5 23.exf5 e4
24.Rh3 exd3 25.Qxd3 Qf6 26.Rf1 Rae8 27.Rhf3 Re7 28.Nc2 Rfe8 29.g3 Re2 30.R1f2 Rxf2
31.Rxf2 Qe5 32.Kg2 Kf7 33.Kf3 h5 34.Rf1 Qf6 35.Re1 Rxe1 36.Nxe1 g6 37.Qe4 Qxf5+
38.Qxf5+ gxf5 39.Nd3 Kf6 40.a4 Kg5 41.Nc1 Bc7 42.Nb3 Bb6 43.h3 Kf6 44.Nc1 Bc7
45.h4 Ke6 46.Nd3 Bd6 47.Kf2 Kf6 48.Kg2 Ke6 49.Kf3 Kf6 50.Nf4 Bxf4 51.gxf4  1/2-1/2

[Event "Wattens op 13th"]
[Site "Wattens"]
[Date "1998.??.??"]
[Round "9"]
[White "Neuschmied, Siegfried"]
[Black "Schmidlechner, Alexander"]
[Result "1/2-1/2"]
[WhiteElo "2200"]
[BlackElo "2155"]

1.e4 c5 2.Nf3 Nc6 3.Bb5 d6 4.O-O e5 5.c3 a6 6.Bxc6+ bxc6 7.d4 cxd4 8.cxd4 Qc7
9.h3 Nf6 10.Nc3 Be7 11.b3 O-O 12.Bb2 exd4 13.Nxd4 Re8 14.Re1 Bf8 15.Qd2 c5
16.Nc2 Bb7 17.Nd5 Nxd5 18.exd5 Qd7 19.Ne3 Re7 20.Rac1 Rae8 21.Rc4 f5 22.Rd1 g6
23.b4 cxb4 24.Rxb4 Re4 25.Rb1 Bc8 26.Rc1 Bh6 27.Rxe4 fxe4 28.Qd4 Bg7 29.Qxg7+ Qxg7
30.Bxg7 Kxg7 31.Rc7+ Kg8 32.Nc4 Rd8 33.Ra7 h5 34.Kf1 Bd7 35.Nxd6 Bb5+ 36.Nxb5 axb5
37.Ke2 Rxd5 38.Ke3 Re5 39.Rb7 Kf8 40.g4 hxg4 41.hxg4 Rc5 42.Kxe4 Rc2 43.f4 Re2+
44.Kd5 Rxa2 45.Ke5 Ra4 46.g5 b4 47.Ke6 Ra6+ 48.Kd5 Ra5+ 49.Ke4 Ra4 50.Rb6 Kf7
51.Kd3 b3 52.Rf6+ Kg7 53.Kc3 Rb4 54.Kb2  1/2-1/2

[Event "GER-ch int Seniors"]
[Site "Weilburg"]
[Date "1998.??.??"]
[Round "7"]
[White "Zunker, Reinhard"]
[Black "Rosen, Willy"]
[Result "1/2-1/2"]
[WhiteElo "2205"]
[BlackElo "2300"]

1.e4 c5 2.Nf3 Nc6 3.Bb5 g6 4.O-O Bg7 5.c3 Nf6 6.Re1 O-O 7.h3 e5 8.d4 exd4
9.cxd4 cxd4 10.Nxd4 Qb6 11.Nxc6 dxc6 12.Bc4 Be6 13.Bxe6 fxe6 14.Qc2 Nh5 15.Nc3 Bd4
16.Be3 Bxe3 17.Rxe3 Rad8 18.Rd1 Rxd1+ 19.Nxd1 Nf4 20.Kh2 Qd4 21.g3 Nh5 22.Kg2 c5
23.Nc3 c4 24.Re1 Qc5 25.a4 a6 26.Nd1 b5 27.axb5 axb5 28.b3 Qb4 29.Re3 Rd8
30.bxc4 Rd2 31.Qc3 Qxc3 32.Nxc3 bxc4 33.e5 Ng7 34.g4 Rd4 35.Re4 Rxe4 36.Nxe4 h5
37.Kf3 hxg4+ 38.hxg4 Ne8 39.Ke3 Nc7 40.Kd4 Nd5 41.Kxc4 Kf7 42.Kd4 Ke7 43.Ng5 Kd7
44.Nf7 Ke7 45.Ng5 Kd7 46.Ke4 Ke7 47.Nh3 Kf7 48.Kd4 Ke7 49.Kc5 Kd7 50.f3 Ke7
51.Kd4 Kf7 52.Ke4 Ke7 53.Nf4 Nc3+ 54.Kd3 Nb5 55.Nxg6+ Kf7 56.Nf4 Nc7 57.Ke4 Kg7
58.Ne2 Kg6 59.f4 Ne8 60.Nd4 Kf7 61.Nb5 Ke7 62.f5 exf5+ 63.gxf5 Kd7 64.f6 Nxf6+
65.Kf5 Nd5 66.e6+ Ke7  1/2-1/2

[Event "POL-chT2"]
[Site "Wisla"]
[Date "1998.??.??"]
[Round "?"]
[White "Bus, Mariusz"]
[Black "Sygulski, Boguslaw"]
[Result "1/2-1/2"]
[WhiteElo "2370"]
[BlackElo "2355"]

1.e4 c5 2.Nf3 Nc6 3.Bb5 g6 4.O-O Bg7 5.Re1 Nf6 6.Nc3 O-O 7.h3 d6 8.Bxc6 bxc6
9.e5 Nd5 10.exd6 exd6 11.Nxd5 cxd5 12.d4 Be6 13.Be3 Rc8 14.Qd2 Re8 15.c3 Qd7
16.Kh2 a5 17.Bh6 a4 18.Bxg7 Kxg7 19.Re2 c4 20.Rae1 f6 21.Qf4 Bf7 22.g4 h6
23.Nh4 Rxe2 24.Rxe2 Re8 25.Qd2 Re4 26.f3 Rxe2+ 27.Qxe2 Qe6 28.Qxe6 Bxe6 29.Kg3 f5
30.Ng2 g5 31.gxf5 Bxf5 32.Ne3 Be6 33.h4 Kg6 34.hxg5 Kxg5 35.Ng2 Bf7 36.Nh4 Be6
37.f4+ Kf6 38.Ng2 Bf5 39.Ne3 Be6 40.Kh4 Kg6 41.a3 Bf7 42.Kg4 Kf6 43.Kg3 Kg6
44.Kh4 Kf6 45.Ng4+ Kg6 46.Kg3 Be6 47.Ne3 Bf7 48.Kg4  1/2-1/2

[Event "POL-chT2"]
[Site "Wisla"]
[Date "1998.??.??"]
[Round "?"]
[White "Jurek, P."]
[Black "Czaplak, Tomasz"]
[Result "1-0"]
[WhiteElo "2145"]
[BlackElo "2190"]

1.e4 c5 2.Nf3 Nc6 3.Bb5 g6 4.Bxc6 dxc6 5.h3 e5 6.d3 f6 7.Nc3 Nh6 8.Be3 Nf7
9.Qd2 Be6 10.O-O-O Qa5 11.Nh2 Bxa2 12.f4 Be6 13.Nf3 Bh6 14.g3 Rd8 15.Nb1 Qxd2+
16.Nbxd2 b6 17.Rde1 exf4 18.gxf4 O-O 19.h4 Bg4 20.Nh2 Bh5 21.Ndf1 c4 22.d4 Nd6
23.Ng3 f5 24.e5 Ne4 25.Nxh5 gxh5 26.Nf3 c3 27.bxc3 Nxc3 28.Ng5 Nd5 29.Bd2 Bxg5
30.hxg5 Nc7 31.Rxh5 Ne6 32.c3 Rd7 33.Rh6 Re8 34.Reh1 Rg7 35.Be3 Ree7 36.c4 Rg6
37.d5 cxd5 38.cxd5 Rc7+ 39.Kb1 Nc5 40.Bd4 Ne4 41.Rxg6+ hxg6 42.e6 Kf8 43.Bf6  1-0